Transforming Teams (Record no. 94709)

MARC details
000 -LEADER
fixed length control field 00608nam a2200229Ia 4500
005 - DATE AND TIME OF LATEST TRANSACTION
control field 20230422124741.0
008 - FIXED-LENGTH DATA ELEMENTS--GENERAL INFORMATION
fixed length control field 230125s9999 xx 000 0 und d
020 ## - INTERNATIONAL STANDARD BOOK NUMBER
International Standard Book Number 9788184956450
041 ## - LANGUAGE CODE
Language code of text/sound track or separate title eng
082 ## - DEWEY DECIMAL CLASSIFICATION NUMBER
Classification number 658.4092
Item number MCH
100 ## - MAIN ENTRY--PERSONAL NAME
Author McHale N
245 ## - TITLE STATEMENT
Title Transforming Teams
Remainder of title Develop yourself and your team
250 ## - EDITION STATEMENT
Edition statement Ed.1st
260 ## - PUBLICATION, DISTRIBUTION, ETC.
Date of publication, distribution, etc. 2014
Name of publisher, distributor, etc. Jaico Publishing House
Place of publication, distribution, etc. Mumbai
300 ## - PHYSICAL DESCRIPTION
Extent 201p
500 ## - GENERAL NOTE
Keywords Teamwork;Leadership<br/>
650 ## - SUBJECT ADDED ENTRY--TOPICAL TERM
Topical term or geographic name entry element Teamwork;Leadership
700 ## - ADDED ENTRY--PERSONAL NAME
Personal name McHale N
942 ## - ADDED ENTRY ELEMENTS (KOHA)
Koha item type Books
906 ## - LOCAL DATA ELEMENT F, LDF (RLIN)
b 77.5
Holdings
Withdrawn status Lost status Damaged status Not for loan Home library Current library Date acquired Vendor Net Price Bill number Total Checkouts Total Renewals Full call number Barcode Date last seen Date last checked out Actual Price Bill Date Koha item type Original Barcode
        Smt. Hiraben Nanavati Institute of Management & Research for Women Smt. Hiraben Nanavati Institute of Management & Research for Women 02/03/2017 Suyog Enterprises 250.00 SE/SI/3814 3 1 658.4092 MCH B15548 HIMR-BK-15548 07/11/2023 01/11/2023 172.50 27/02/2017 Books B15548